Normal view MARC view

Entry Personal Name

Number of records used in: 2

001 - CONTROL NUMBER

  • control field: 19023

003 - CONTROL NUMBER IDENTIFIER

  • control field: dpl

005 - DATE AND TIME OF LATEST TRANSACTION

  • control field: 20100908162313.0

008 - FIXED-LENGTH DATA ELEMENTS

  • fixed length control field: 100908|||a|||||| | ||| d

040 ## - CATALOGING SOURCE

  • Original cataloging agency: dpl
  • Transcribing agency: dpl

100 ## - HEADING--PERSONAL NAME

  • Personal name: वर्मा, विमलेश क्रांति

670 ## - SOURCE DATA FOUND

  • Source citation: Work cat.: (dpl)36207: अनुवाद और तत्काल भाषांतरण /, 2009

670 ## - SOURCE DATA FOUND

  • Source citation: Work cat.: (dpl)36207: अनुवाद और तत्काल भाषांतरण /, 2009

© Delhi Public Library
Hit Counter
free hit counter